Hazardous chemicals : overview, toxicological profile, challenges, and future perspectives /

"Offers comprehensive coverage of hazardous chemicals and their routes of exposures, mechanism of toxicity, hazard control measures, handling and storage, emergency guidelines, and safety measures."--Publisher.

Bibliographic Details
Corporate Author: ScienceDirect (Online service)
Other Authors: Chawla, Malvika (Editor), Singh, Jaspal, 1973- (Editor), Kaushik, R.D (Editor)
Format: eBook
Language:English
Published: London, United Kingdom ; San Diego, CA : Academic Press, [2025]
Subjects:
Online Access:Connect to the full text of this electronic book

MARC

Tag First Indicator Second Indicator Subfields
LEADER 00000cam a2200000 i 4500
001 in00005773721
005 20260327180333.0
006 m o d
007 cr |||||||||||
008 240925t20252025enk ob 001 0 eng d
040 |a YDX  |b eng  |e rda  |e pn  |c YDX  |d OPELS  |d OCLCO  |d N$T  |d YDX  |d WAU  |d IBI  |d OCLCO  |d OCLCL 
020 |a 9780323952361  |q (electronic book) 
020 |a 0323952364  |q (electronic book) 
020 |z 9780323952354  |q (paperback) 
020 |z 0323952356  |q (paperback) 
035 |a (OCoLC)1456980870 
050 4 |a T55.3.H3  |b H39 2025eb 
082 0 4 |a 363.17  |2 23/eng/20241016 
049 |a TXAM 
245 0 0 |a Hazardous chemicals :  |b overview, toxicological profile, challenges, and future perspectives /  |c edited by Malvika Chawla, Jaspal Singh, R.D. Kaushik. 
264 1 |a London, United Kingdom ;  |a San Diego, CA :  |b Academic Press,  |c [2025] 
264 4 |c ©2025 
300 |a 1 online resource (xxi, 840 pages) 
336 |a text  |b txt  |2 rdacontent 
337 |a computer  |b c  |2 rdamedia 
338 |a online resource  |b cr  |2 rdacarrier 
504 |a Includes bibliographical references and index. 
520 |a "Offers comprehensive coverage of hazardous chemicals and their routes of exposures, mechanism of toxicity, hazard control measures, handling and storage, emergency guidelines, and safety measures."--Publisher. 
505 0 |a pt. I. Pesticides, fertilizers, and insecticides -- pt. II. Automotive -- pt. III. Paints and paint solvents -- pt. IV. Chemical manufacturing solvents -- pt. V. Dyes -- pt. VI. Cleaning agents -- pt. VII. Pharmaceuticals -- pt. VIII. Radioactive products -- pt. IX. Miscellaneous. 
650 0 |a Hazardous substances. 
650 0 |a Poisons. 
650 0 |a Chemicals. 
650 6 |a Poisons. 
650 6 |a Produits chimiques. 
650 7 |a poison.  |2 aat 
655 7 |a Electronic books.  |2 local 
700 1 |a Chawla, Malvika,  |e editor. 
700 1 |a Singh, Jaspal,  |d 1973-  |e editor. 
700 1 |a Kaushik, R.D.,  |e editor. 
710 2 |a ScienceDirect (Online service) 
776 0 8 |i Print version:  |t Hazardous chemicals : overview, toxicological profile, challenges, and future perspectives  |z 0323952356  |z 9780323952354  |w (OCoLC)1522963858 
856 4 0 |u http://proxy.library.tamu.edu/login?url=https://www.sciencedirect.com/science/book/9780323952354  |z Connect to the full text of this electronic book  |t 0 
955 |a Elsevier ScienceDirect 2026-2027 
994 |a 92  |b TXA 
999 f f |i ddadd075-6847-458b-bdf0-8c369b08af6d  |s 49230305-f091-4aa4-a642-f4653f8d00bc  |t 0 
952 f f |a Texas A&M University  |b College Station  |c Electronic Resources  |s www_evans  |d Available Online  |t 0  |e T55.3.H3 H39 2025eb  |h Library of Congress classification 
998 f f |a T55.3.H3 H39 2025eb  |t 0  |l Available Online